000
00225nam a22000857a 4500
008
160629b xxu||||| |||| 00| 0 eng d
100
_9
1384
_a
Sood, R
245
_a
Introductory Information Technology - X
260
_a
N.D
_b
Arya
_c
2004
999
_c
1143
_d
1143